000 00520nam a22001577a 4500
003 macl
005 20191128132459.0
008 191128b xxu||||| |||| 00| 0 eng d
040 _cmacl
082 _a900
100 _aसम्‍पा. आचार्य चतुरसेन शास्‍त्री
_977334
245 _aचांद फांसी अंक
260 _aदिल्‍ली
_bलक्ष्‍य बुक्‍स
_c2017
650 _aइतिहास
_977335
942 _2ddc
_cHIN
999 _c61439
_d61439